000 01241nam a22001937a 4500
003 JO-AjAnu
005 20240605134655.0
008 240324b jo ||||| |||| 00| 0 ara d
040 _aJO-AjAnu
_bARA
_cJO-AjAnu
050 _aHD62.25
_b2024
100 1 _aالصمادي، ايهم رياض جميل
_965099
_eمعد
245 1 _aأثر افصاحات الاستدامة على تمهيد الدخل في الشركات الصناعية المدرجة في بورصة عمان : الملكية العائلية كمتغير معدل = The Impact of Sustainability Disclosures on Income Smoothing in industrial Companies Listed on the Amman Stock Exhange : The Family Ownership As a Moderating Variable /
_cاعداد ايهم رياض جميل الصمادي ؛ إشراف ليث عبدالله العريان
260 _c2024
300 _a59ورقة
500 _aرسالة جامعية (رسالة ماجستير) .- جامعة عجلون الوطنية (عجلون، الاردن)، كلية الاعمال، قسم المحاسبة، 2024
650 7 0 _aالشركات المملوكة للعائلة - الدخل - الاردن
_965102
700 _aالعريان، ليث عبدالله
_eمشرف
_965105
942 _2lcc
_cTHS
_n0
999 _c33329
_d33329